Projecte: Conversió pel·lícules en format 16 mm a format DVD del fons audiovisual de la Diputació de Barcelona : índex dels DVDs índex dels DVDs
Descripción Física:
34 pàgines no numerades ; 30 cm
Idioma:
Catalán
MARC
| LEADER | 00000nam a2200000Ia 4500 | ||
|---|---|---|---|
| 001 | 20831 | ||
| 003 | Arxiu | ||
| 005 | 20260324175801.0 | ||
| 008 | 160829s2004 spc xx cat c | ||
| 040 | |a AGDB | ||
| 080 | |a FU-16-40 | ||
| 245 | 0 | 0 | |a Projecte: Conversió pel·lícules en format 16 mm a format DVD del fons audiovisual de la Diputació de Barcelona : |b índex dels DVDs |
| 260 | |a Barcelona : |b Aiscad, Asesoría Informática de Sistemas CAD, |c juny 2004 | ||
| 300 | |a 34 pàgines no numerades ; |c 30 cm | ||
| 505 | |a Entrega de la maqueta de treball: 6 DVDs amb un total de 106 pel·lícules en format PC (10,51 GB), llista de contingut, fitxa descriptiva, dubtes | ||
| 590 | |a Vegeu també R. 20573 - 20579. | ||
| 590 | |a El contingut detallat de les pel·lícules es troba a la base de dades M:\ArxiuH\Audiovis | ||
| 610 | 1 | 0 | |9 52704 |a Arxiu General de la Diputació de Barcelona |
| 650 | 0 | |9 55985 |a Videoteques | |
| 901 | |a Arxiu | ||
| 942 | |n 1 |2 udc |c ARXIU | ||
| 952 | |0 0 |1 0 |4 0 |6 FU1640 |7 1 |9 50055 |a Arxiu |b Arxiu |d 2016-12-01 |l 0 |o FU-16-40 |p 20831 |r 2016-12-01 00:00:00 |w 2016-12-01 |y ARXIU | ||
| 999 | |c 53897 |d 53897 | ||